000 00570nam a22001457a 4500
999 _c534121
_d534121
020 _qHard Cover.
082 _a660
100 _aMuhammd Saleh Sarwar.
245 _aPeptide vaccine identification against Mycobacterium tuberculosis through combinatorial/integrated pan-genomics and reverse vaccinology approaches /
_cMuhammd Saleh Sarwar.
260 _aIslamabad :
_bASAB - NUST,
_c2017.
942 _2ddc
_cTHE
650 _aIndustrial Biotechnology MS-Thesis
_927780
700 _aDr. Hussain A. Janjua.
_928266